| 000 | 00842cab a2200277 4500 | ||
|---|---|---|---|
| 001 | ABS58891 | ||
| 008 | 090401t1998 xxu||||| |||| 00| 0 eng d | ||
| 035 | _a(Sirsi) u87047 | ||
| 041 | _aeng | ||
| 100 | _aDamms, M. | ||
| 245 | _aPublic rights in your sights | ||
| 260 | _c1998 | ||
| 350 | _a0 | ||
| 490 |
_aHouse Builder _v57(5) June 1998, 22-23(2) |
||
| 520 | _aExamines the procedures for the closure and diversion of public rights of way. Considers the involvement of both the highways and planning authorities in the procedure. | ||
| 650 | _aBOAT | ||
| 650 | _aCLOSURE | ||
| 650 | _aDIVERSION | ||
| 650 | _aHIGHWAYS ACT 1980 | ||
| 650 | _aRIGHTS OF WAY | ||
| 650 | _aRUPP | ||
| 650 | _aTOWN AND COUNTRY PLANNING ACT 1990 S257 | ||
| 690 | _aHIGHWAYS RIGHTS OF WAY AND EASEMENTS | ||
| 942 | _n0 | ||
| 948 | _c25/06/1998 | ||
| 999 |
_c54845 _d54845 |
||